TARR : aula de gol aula de gol
Descripción Física:
55 p. . il. ; 29'5 cm
Materias:
Futbol -- Ensenyament -- Barcelona
MARC
| LEADER | 00000nam a2200000Ia 4500 | ||
|---|---|---|---|
| 001 | 8285 | ||
| 008 | 160829s9999 xx 000 0 cat d | ||
| 080 | |a P-1-11 | ||
| 100 | |a TARR, Escola de Futbol de Barcelona |9 23578 | ||
| 245 | |a TARR : |b aula de gol | ||
| 260 | |a Barcelona : |b Diputació de Barcelona, dl 1988 | ||
| 300 | |a 55 p. . il. ; |c 29'5 cm | ||
| 590 | |a Text en català i castellà, a dues tintes | ||
| 650 | |a Futbol |x Ensenyament |x Barcelona |9 23579 | ||
| 901 | |a Arxiu | ||
| 942 | |n 1 | ||
| 952 | |0 0 |1 0 |4 0 |6 P111 |7 1 |9 42762 |a Arxiu |b Arxiu |d 2016-12-01 |l 0 |o P-1-11 |p 8285 |r 2016-12-01 00:00:00 |w 2016-12-01 |y ARXIU | ||
| 999 | |c 45268 |d 45268 | ||